L'action culturelle dans la cite.

Sábháilte in:
Sonraí bibleagrafaíochta
Príomhchruthaitheoir: Jeanson, Francis (autor)
Formáid: LEABHAR
Teanga:Fraincis
Ábhair:
Clibeanna: Cuir clib leis
Níl clibeanna ann, Bí ar an gcéad duine le clib a chur leis an taifead seo!

MARC

LEADER 00000cam^a2200000uu^4500
001 000485408
005 20250521000000.0
008 032208s1973^^^^^^^^^^^^rd^r^^000^0^fre^d
009 20260310125157.418
035 |a FCE 000028482 
035 |a FCE 026769 
037 |a Acervo ITESO - Biblioteca 
041 |a FRA 
082 0 4 |a 306  |b JEAa 
100 |a Jeanson, Francis  |e (autor) 
245 1 0 |a L'action culturelle dans la cite. 
264 |a Paris :  |b Editions du Seuil,  |c 1973. 
300 |a 248 p. 
336 |a texto  |b txt  |2 rdacontenido 
337 |a sin mediación  |b n  |2 rdamedio 
338 |a volumen  |b nc  |2 rdasoporte 
649 |a XX 
650 |a Teoría 
650 |a Política cultural 
650 |a Desarrollo cultural 
650 |a Zona urbana 
910 |a Fondo Centro de Estudios Educativos 
920 |a Impresos - Libros 
930 |a Fondos Especiales 
905 |a 133 
901 |a ALE026769  |b IT2  |c CEE  |u 20250521 
902 |a https://opac.biblio.iteso.mx/vufind/Record/000485408